Statistics for Green Day songs (all of them)

Click here to take the quiz!

General Stats

  • This quiz has been taken 488 times
    (480 since last reset)
  • The average score is 67 of 169

Answer Stats

Album Song % Correct
American IdiotAmerican Idiot
94%
American IdiotBoulevard of Broken Dreams
86%
American IdiotHoliday
84%
DookieBasket Case
83%
American IdiotJesus of Suburbia
83%
DookieShe
80%
WarningWarning
80%
American IdiotWake Me Up When September Ends
78%
NimrodGood Riddance (Time of Your Life)
76%
21st Century Breakdown21st Century Breakdown
74%
KerplunkWelcome to Paradise
72%
American IdiotSt. Jimmy
72%
DookieWhen I Come Around
72%
DookieWelcome to Paradise
72%
21st Century Breakdown21 Guns
71%
DookieLongview
70%
Revolution RadioRevolution Radio
70%
InsomniacBrain Stew
69%
American IdiotHomecoming
69%
Revolution RadioBang Bang
67%
American IdiotWhatsername
65%
American IdiotShe's a Rebel
64%
American IdiotLetterbomb
63%
American IdiotAre We the Waiting
63%
WarningMinority
63%
American IdiotGive Me Novacaine
61%
21st Century BreakdownKnow Your Enemy
59%
InsomniacJaded
58%
DookieBurnout
58%
American IdiotExtraordinary Girl
58%
WarningWaiting
57%
21st Century Breakdown┬┐Viva la Gloria? (Little Girl)
56%
21st Century Breakdown¡Viva la Gloria!
56%
NimrodNice Guys Finish Last
56%
DookieF.O.D
54%
NimrodHitchin' a Ride
54%
Revolution RadioOrdinary World
53%
WarningMacy's Day Parade
53%
Revolution RadioStill Breathing
51%
UnoKill the DJ
50%
DookieChump
49%
Kerplunk2000 Light Years Away
48%
UnoOh Love
48%
21st Century BreakdownEast Jesus Nowhere
47%
21st Century BreakdownSong of the Century
46%
NimrodKing For a Day
46%
InsomniacGeek Stink Breath
46%
DookieHaving a Blast
45%
Revolution RadioSomewhere Now
45%
UnoNuclear Family
45%
DookieSassafras Roots
44%
InsomniacWalking Contradiction
44%
DookiePulling Teeth
44%
Revolution RadioYoungblood
44%
DookieComing Clean
43%
21st Century BreakdownLast of the American Girls
43%
WarningMisery
42%
NimrodRedundant
42%
Revolution RadioOutlaws
41%
1,039/Smoothed Out Slappy HoursAt the Library
41%
1,039/Smoothed Out Slappy HoursGreen Day
41%
Insomniac86
40%
Revolution RadioForever Now
40%
21st Century BreakdownChristian's Inferno
39%
DosFuck Time
39%
1,039/Smoothed Out Slappy HoursRest
38%
Kerplunk80
38%
DookieIn the End
38%
NimrodPlatypus (I Hate You)
38%
Revolution RadioTroubled Times
37%
WarningChurch on Sunday
37%
NimrodProsthetic Head
37%
21st Century BreakdownSee the Light
37%
InsomniacBrat
37%
21st Century BreakdownLast Night on Earth
37%
21st Century BreakdownHorseshoes and Handgrenades
37%
21st Century BreakdownAmerican Eulogy
36%
DosStray Heart
36%
WarningBlood, Sex and Booze
36%
NimrodThe Grouch
36%
Revolution RadioBouncing off the Wall
36%
21st Century BreakdownPeacemaker
35%
21st Century BreakdownBefore the Lobotomy
35%
21st Century BreakdownMurder City
35%
UnoLet Yourself Go
35%
NimrodScattered
35%
DosAmy
35%
Revolution RadioSay Goodbye
35%
UnoStay the Night
35%
KerplunkChristie Road
35%
DookieEmenius Sleepus
34%
Revolution RadioToo Dumb to Die
34%
WarningCastaway
34%
TreX-Kid
33%
InsomniacArmatage Shanks
33%
21st Century BreakdownRestless Heart Syndrome
32%
TreThe Forgotten
32%
DosNightlife
32%
NimrodLast Ride In
32%
NimrodJinx
31%
TreAmanda
31%
21st Century BreakdownThe Static Age
31%
NimrodHaushinka
31%
InsomniacPanic Song
31%
WarningDeadbeat Holiday
31%
UnoSweet 16
31%
WarningFashion Victim
30%
Tre99 Revolutions
30%
UnoCarpe Diem
30%
1,039/Smoothed Out Slappy Hours16
29%
UnoRusty James
29%
UnoAngel Blue
29%
KerplunkWho Wrote Holden Caulfield?
29%
TreBrutal Love
29%
WarningHold On
28%
NimrodAll the Time
28%
KerplunkOne for the Razorbacks
28%
InsomniacStuart and the Ave
28%
InsomniacStuck With Me
28%
NimrodWorry Rock
28%
1,039/Smoothed Out Slappy HoursPaper Lanterns
28%
1,039/Smoothed Out Slappy HoursThe Judge's Daughter
28%
DosAshley
27%
1,039/Smoothed Out Slappy HoursDon't Leave Me
27%
KerplunkDominated Love Slave
27%
TreDirty Rotten Bastards
27%
DosLady Cobra
27%
InsomniacTight Wad Hill
27%
WarningJackass
26%
NimrodTake Back
26%
TreA Little Boy Named Train
26%
1,039/Smoothed Out Slappy HoursGoing to Pasalacqua
26%
KerplunkAndroid
26%
InsomniacWestbound Sign
26%
DosSee You Tonight
25%
InsomniacBab's Uvula Who?
25%
DosStop When the Red Lights Flash
25%
NimrodUptight
25%
1,039/Smoothed Out Slappy HoursDisappearing Boy
24%
1,039/Smoothed Out Slappy HoursDry Ice
24%
NimrodWalking Alone
24%
1,039/Smoothed Out Slappy HoursKnowledge
24%
1,039/Smoothed Out Slappy Hours1,000 Hours
24%
NimrodReject
24%
TreDrama Queen
24%
DosLazy Bones
24%
1,039/Smoothed Out Slappy HoursI Was There
23%
KerplunkPrivate Ale
23%
UnoFell for You
23%
InsomniacNo Pride
23%
KerplunkOne of My Lies
23%
1,039/Smoothed Out Slappy Hours409 in Your Coffeemaker
22%
UnoTroublemaker
22%
1,039/Smoothed Out Slappy HoursWhy Do You Want Him?
22%
DosWow! That's Loud
22%
KerplunkNo One Knows
21%
DosWildone
21%
DosMakeout Party
21%
TreMissing You
20%
1,039/Smoothed Out Slappy HoursOnly of You
20%
KerplunkWords I Might Have Ate
20%
DosBaby Eyes
20%
UnoLoss of Control
20%
Tre8th Avenue Serenade
19%
TreWalk Away
19%
1,039/Smoothed Out Slappy HoursI Want to Be Alone
18%
1,039/Smoothed Out Slappy HoursRoad to Acceptance
18%
TreSex, Drugs & Violence
16%
1,039/Smoothed Out Slappy HoursThe One I Want
15%

Score Distribution

Percentile by Number Answered

Percent of People with Each Score

Your Score History

You have not taken this quiz since the last reset